000 00461nam a2200181Ia 4500
008 240925s9999 xx 000 0 und d
020 _a9789350140956
082 _a604.24 GOE
100 _aGoel, B. K.
245 0 _aMachine drawing (with autocade)
250 _a1st
260 _aNew Delhi:
_bKatson Books
_c,2015.
300 _a295p.
_b0
_fOriginal
500 _aIncludes Index
600 _aElectrical Engineering
650 _aTechnology
942 _cBK
999 _c13229
_d13229